| 000 | 01279nam a2200265 a 4500 | ||
|---|---|---|---|
| 001 | 46892 | ||
| 003 | BD-RjUL | ||
| 005 | 20211209054226.0 | ||
| 008 | 160806m19741970bg ||||| |||| 00| 0 ben d | ||
| 020 | _c: PRs. 5.00 (১ম খন্ড) ; TK. 9.00 (২য় খন্ড) | ||
| 035 | _a(BD-RjUL)47011 | ||
| 040 |
_aBD-RjUL _bben _cBD-RjUL _dBD-RjUL |
||
| 041 | _aben | ||
| 082 |
_223 _a320.03 _bRAS 1970-1974 |
||
| 245 | 0 | 0 |
_aরাষ্ট্রবিজ্ঞান পরিভাষা-কোষ = Terminology of political science / _cবাংলা একাডেমী কর্তৃক সংকলিত |
| 260 |
_aঢাকা : _bকেন্দ্রীয় বাংলা উন্নয়ন বোর্ড, _c১৯৭০-১৯৭৪ |
||
| 300 |
_a২ খণ্ড ; _c২৩ সেমি. |
||
| 490 |
_aবা এ ; _v৬১৬ (২য় খন্ড) |
||
| 505 | 0 | _a খণ্ড ১, (A to J) -- খণ্ড ২, [K to Z] | |
| 650 |
_aরাষ্ট্রবিজ্ঞান _xপরিভাষা _9135002 |
||
| 650 |
_aPolitical Science _xDictionaries _9135003 |
||
| 710 |
_aবাংলা একাডেমী, সংকলক _9223446 |
||
| 830 |
_aবা এ ; _v৬১৬ (২য় খন্ড) _9223448 |
||
| 942 |
_2ddc _cBK |
||
| 999 |
_c46892 _d46892 |
||